Small Fortunes Two Guys in Pursuit of the American Dream

Enregistré dans:
Détails bibliographiques
Auteur principal: Zuckerman, Edward
Format: Livre
Langue:anglais
Publié: New York Viking 1991
Édition:1. ed.
Sujets:
Tags: Ajouter un tag
Pas de tags, Soyez le premier à ajouter un tag!

MARC

LEADER 00000nam a2200000 4500
001 c019709
005 20221214102221.5
020 |a 0-670-81644-2 
041 0 |a eng 
044 |a US 
245 1 0 |a Small Fortunes  |b Two Guys in Pursuit of the American Dream  |c Edward Zuckerman 
250 |a 1. ed. 
264 1 |a New York  |b Viking  |c 1991 
300 |a 296 s. 
610 2 0 |a úspech pracovný 
610 2 0 |a podnikanie 
610 2 0 |a podnikanie súkromné 
610 2 0 |a podnikatelia 
610 2 0 |a manažéri 
610 2 0 |a USA 
100 1 |a Zuckerman, Edward